US Cities In The Top 1000 Global Cities By Population - Statistics

General Stats
  • This quiz has been taken 1,251 times
  • The average score is 25 of 30
Answer Stats
City Pop. Answer % Correct
8.1M+ New York
100%
3.9M+ Los Angeles
99%
2.6M+ Chicago
97%
2.3M+ Houston
97%
1.3M+ Dallas
96%
600K+ Boston
94%
1.5M+ Philadelphia
94%
800K+ San Francisco
94%
700K+ Seattle
94%
1.7M+ Phoenix
92%
1.4M+ San Diego
92%
600K+ Detroit
88%
1M+ Austin
87%
700K+ Denver
87%
1.5M+ San Antonio
87%
700K+ Washington
87%
600K+ Las Vegas
83%
600K+ Portland
83%
600K+ Nashville
80%
800K+ Indianapolis
78%
900K+ Jacksonville
78%
1M+ San Jose
78%
900K+ Charlotte
76%
900K+ Columbus
76%
600K+ Memphis
73%
600K+ Oklahoma City
69%
500K+ Milwaukee
68%
600K+ El Paso
64%
900K+ Fort Worth
58%
600K+ Louisville
57%
No matching quizzes found
Score Distribution
Percent of People with Each Score
Percentile by Number Answered
Your Score History
You have not taken this quiz